[Event "Ankara Baskent Univ op 6th"]
[Site "Ankara"]
[Date "2023.08.19"]
[Round "7"]
[White "Ozalp, Burak"]
[Black "Doroodgar, Amir Hosein"]
[Result "0-1"]
[WhiteElo "2183"]
[BlackElo "2113"]
[PlyCount "96"]
[EventDate "2023.08.15"]
[EventType "swiss"]
[EventRounds "9"]
[EventCountry "TUR"]
[SourceTitle "CBM 215 Extra"]
[Source "ChessBase"]
[SourceDate "2023.09.30"]
[SourceVersion "1"]
[SourceVersionDate "2023.09.30"]
[SourceQuality "1"]

1. e4 c5 2. Nf3 d6 3. d4 cxd4 4. Nxd4 Nf6 5. Nc3 g6 6. Be3 Bg7 7. f3 Nc6 8. Qd2 h5 9. 0-0-0 Bd7 10. Kb1 a6 11. Be2 Rc8 12. h3 h4 13. f4 Qc7 14. Rhe1 Kf8 15. Nxc6 Bxc6 16. Bf3 Nh5 17. Bg4 Rd8 18. f5 gxf5 19. Bxf5 e6 20. Bg4 Qa5 21. Bg5 Rd7 22. Rf1 Ng3 23. Rfe1 Bxc3 24. bxc3 Nxe4 25. Rxe4 Bxe4 26. Bf6 Rg8 27. Qd4 Rg6 28. Bxh4 Bd5 29. Qh8+ Rg8 30. Qh6+ Ke8 31. Rd3 Qxa2+ 32. Kc1 Be4 33. Qe3 Bxd3 34. Qxd3 Qd5 35. Qh7 Rf8 36. Bf6 Qxg2 37. Qg7 Qe4 38. Qg5 Rc7 39. Bd4 e5 40. Bb6 Qe1+ 41. Bd1 Qxc3 42. Bxc7 Qxc7 43. Bg4 Qc4 44. Kb1 Qb4+ 45. Ka1 Qf4 46. Qg7 Qc1+ 47. Ka2 Qxc2+ 48. Ka1 Qg6 0-1

[Event "Ankara Baskent Univ op 6th"]
[Site "Ankara"]
[Date "2023.08.16"]
[Round "3"]
[White "Annaberdiev, Meilis"]
[Black "Doroodgar, Amir Hosein"]
[Result "1-0"]
[WhiteElo "2482"]
[BlackElo "2113"]
[PlyCount "32"]
[EventDate "2023.08.15"]
[EventType "swiss"]
[EventRounds "9"]
[EventCountry "TUR"]
[SourceTitle "CBM 215 Extra"]
[Source "ChessBase"]
[SourceDate "2023.09.30"]
[SourceVersion "1"]
[SourceVersionDate "2023.09.30"]
[SourceQuality "1"]

1. e4 e5 2. Nf3 Nc6 3. Nc3 Nf6 4. h3 d5 5. exd5 Nxd5 6. Bb5 Nxc3 7. bxc3 Bd6 8. d4 exd4 9. 0-0 0-0 10. cxd4 Bf5 11. Bd3 Qd7 12. c3 Rfe8 13. Qc2 Bxh3 14. Ng5 Bg4 15. Bxh7+ Kf8 16. f3 Be6 1-0

[Event "Tehran zt 3.1"]
[Site "Tehran"]
[Date "2023.05.26"]
[Round "5"]
[White "Nezad, Husein Aziz"]
[Black "Doroodgar, Amir Hosein"]
[Result "1-0"]
[WhiteElo "2332"]
[BlackElo "2102"]
[PlyCount "109"]
[EventDate "2023.05.23"]
[EventType "swiss"]
[EventRounds "9"]
[EventCountry "IRI"]
[SourceTitle "CBM 214 Extra"]
[Source "ChessBase"]
[SourceDate "2023.07.31"]
[SourceVersion "1"]
[SourceVersionDate "2023.07.31"]
[SourceQuality "1"]

1. e4 c5 2. Nf3 e6 3. c3 Nf6 4. e5 Nd5 5. Bc4 d6 6. d4 cxd4 7. cxd4 Nc6 8. Qe2 Be7 9. 0-0 a6 10. Rd1 Nb6 11. exd6 Qxd6 12. Bb3 Na5 13. Bc2 Bd7 14. Nc3 Nd5 15. Ne5 Rc8 16. Nxd5 exd5 17. Bf4 Qf6 18. Nxd7 Qxf4 19. Nb6 Rd8 20. Ba4+ Nc6 21. Bxc6+ bxc6 22. Qxa6 0-0 23. Qb7 Bf6 24. Nd7 Rfe8 25. g3 Qd6 26. Nxf6+ Qxf6 27. Re1 h5 28. h4 Re4 29. Qb4 Rxd4 30. Qc3 Rc4 31. Qxf6 gxf6 32. Rec1 Rxc1+ 33. Rxc1 Ra8 34. Rxc6 Rxa2 35. Rxf6 Kg7 36. Rb6 d4 37. Kg2 d3 38. Kf3 Ra1 39. Ke3 Rf1 40. Rb5 d2 41. Kxd2 Rxf2+ 42. Ke3 Rg2 43. Kf3 Rc2 44. b4 Rb2 45. Rg5+ Kh6 46. b5 f6 47. Rc5 Rb4 48. Ke3 Kg6 49. Kd3 Rb3+ 50. Kc4 Rxg3 51. b6 Rg1 52. b7 Rc1+ 53. Kd5 Rb1 54. Kc6 f5 55. Rb5 1-0

[Event "Qazvin Cup 10th"]
[Site "Qazvin"]
[Date "2022.07.29"]
[Round "7"]
[White "Shams, Mohammad Matin"]
[Black "Doroodgar, Amir Hosein"]
[Result "1-0"]
[WhiteElo "2105"]
[BlackElo "1971"]
[PlyCount "125"]
[EventDate "2022.07.25"]
[EventType "swiss"]
[EventRounds "9"]
[EventCountry "IRI"]
[SourceTitle "EXT 2023"]
[Source "ChessBase"]
[SourceDate "2022.10.05"]
[SourceVersion "1"]
[SourceVersionDate "2022.10.05"]
[SourceQuality "1"]

1. d4 Nf6 2. g3 c5 3. c3 d5 4. Bg2 e6 5. Nf3 Nc6 6. 0-0 Qb6 7. dxc5 Bxc5 8. b4 Bd6 9. Nbd2 Qc7 10. Bb2 0-0 11. a3 b5 12. Nd4 a6 13. Nxc6 Qxc6 14. c4 bxc4 15. Rc1 a5 16. Bxf6 gxf6 17. Rxc4 Qd7 18. Rg4+ Kh8 19. Rh4 f5 20. e4 axb4 21. exf5 exf5 22. axb4 Ra4 23. Nf3 f6 24. Qxd5 Bb7 25. Qd2 Bxf3 26. Bxf3 Qc7 27. Rd1 Ra6 28. b5 Rb6 29. Bc6 Bc5 30. Qd7 Rf7 31. Qxf5 Bf8 32. Rhd4 Qe5 33. Qxe5 fxe5 34. Rd8 Kg7 35. R1d7 h6 36. Rxf7+ Kxf7 37. f3 Be7 38. Rh8 Bf8 39. Bd5+ Ke7 40. Rh7+ Kd6 41. Bc6 Rb8 42. Kf1 Rd8 43. Ke2 Rb8 44. Kd3 Ke6 45. Rd7 Be7 46. Ke4 Rd8 47. Rd5 Bd6 48. b6 Rc8 49. b7 Rf8 50. Rd2 Rd8 51. Bd5+ Kd7 52. Rc2 Bc7 53. Kf5 Rf8+ 54. Kg6 Kd6 55. Be4 h5 56. Kxh5 Rg8 57. g4 Rh8+ 58. Kg6 Rg8+ 59. Kh7 Rf8 60. g5 Rf4 61. g6 Rh4+ 62. Kg8 Kd7 63. g7 1-0

[Event "Qazvin Cup 10th"]
[Site "Qazvin"]
[Date "2022.07.28"]
[Round "5"]
[White "Doroodgar, Amir Hosein"]
[Black "Tahmasebi, Hamid Reza"]
[Result "1-0"]
[WhiteElo "1971"]
[BlackElo "2165"]
[PlyCount "57"]
[EventDate "2022.07.25"]
[EventType "swiss"]
[EventRounds "9"]
[EventCountry "IRI"]
[SourceTitle "EXT 2023"]
[Source "ChessBase"]
[SourceDate "2022.10.05"]
[SourceVersion "1"]
[SourceVersionDate "2022.10.05"]
[SourceQuality "1"]

1. Nf3 Nf6 2. c4 e6 3. g3 d5 4. Bg2 Be7 5. d4 0-0 6. 0-0 dxc4 7. Na3 c5 8. Nxc4 Nc6 9. dxc5 Bxc5 10. Qb3 Qe7 11. Nce5 Nxe5 12. Nxe5 Bd4 13. Nf3 Bb6 14. Bf4 Rd8 15. a4 Nd5 16. a5 Bc5 17. Rfd1 f6 18. Rac1 b6 19. Nd4 Bxd4 20. Rxd4 Bb7 21. Rcd1 bxa5 22. Bd2 a4 23. Qxa4 Rdc8 24. Qa2 a5 25. Bxa5 Rc2 26. Bxd5 exd5 27. Rxd5 Qe6 28. Rd8+ Kf7 29. R8d7+ 1-0

[Event "IRI-ch U16"]
[Site "Chess.com INT"]
[Date "2021.01.16"]
[Round "7"]
[White "Doroodgar, Amir Hosein"]
[Black "Amjad Yazdandoust, Mohammadreza"]
[Result "1-0"]
[WhiteElo "1710"]
[BlackElo "1940"]
[PlyCount "101"]
[EventDate "2021.01.16"]
[EventType "swiss"]
[EventRounds "11"]
[EventCountry "IRI"]
[SourceTitle "EXT 2022"]
[Source "ChessBase"]
[SourceDate "2021.10.06"]
[SourceVersion "1"]
[SourceVersionDate "2021.10.06"]
[SourceQuality "1"]

1. d4 Nf6 2. Nf3 g6 3. c4 Bg7 4. g3 0-0 5. Bg2 d5 6. 0-0 dxc4 7. Qc2 Nc6 8. Rd1 Nd5 9. Qxc4 Nb6 10. Qd3 Bf5 11. e4 Bg4 12. Be3 e5 13. d5 Nd4 14. Nbd2 c6 15. h3 Nxf3+ 16. Nxf3 Bxf3 17. Bxf3 cxd5 18. exd5 f5 19. Qb3 Qd6 20. a4 f4 21. Bxb6 axb6 22. Be4 fxg3 23. fxg3 Bh6 24. Qa3 Qd7 25. Kg2 Rf6 26. Rf1 Rxf1 27. Rxf1 Rxa4 28. Qf3 Rd4 29. Ra1 Qf7 30. Qxf7+ Kxf7 31. Kf3 Rb4 32. Ra7 Rb3+ 33. Kg4 Bf8 34. Rxb7+ Be7 35. Bxg6+ Kxg6 36. Rxe7 Rb4+ 37. Kf3 Rxb2 38. Rxe5 Rb3+ 39. Kf4 Rb4+ 40. Re4 Rxe4+ 41. Kxe4 Kf6 42. g4 Ke7 43. h4 b5 44. g5 b4 45. h5 b3 46. Kd3 Kd6 47. g6 hxg6 48. hxg6 Ke7 49. d6+ Kxd6 50. g7 Kc5 51. Kc3 1-0

[Event "IRI-ch U16"]
[Site "Chess.com INT"]
[Date "2021.01.16"]
[Round "6"]
[White "Ghayourifar, Ali"]
[Black "Doroodgar, Amir Hosein"]
[Result "0-1"]
[WhiteElo "1916"]
[BlackElo "1710"]
[PlyCount "106"]
[EventDate "2021.01.16"]
[EventType "swiss"]
[EventRounds "11"]
[EventCountry "IRI"]
[SourceTitle "EXT 2022"]
[Source "ChessBase"]
[SourceDate "2021.10.06"]
[SourceVersion "1"]
[SourceVersionDate "2021.10.06"]
[SourceQuality "1"]

1. e4 c5 2. c3 Nf6 3. e5 Nd5 4. d4 cxd4 5. Nf3 Nc6 6. cxd4 d6 7. Bc4 e6 8. 0-0 Be7 9. Bxd5 exd5 10. Nc3 Be6 11. Bf4 0-0 12. exd6 Bxd6 13. Bxd6 Qxd6 14. Qb3 b6 15. h3 Rac8 16. Rac1 Na5 17. Qd1 h6 18. b3 Bf5 19. Qd2 Nc6 20. Nb5 Qd7 21. Qf4 Rfd8 22. Rfe1 Be4 23. Nd2 a6 24. Nxe4 dxe4 25. Nc3 Nxd4 26. Qxe4 Re8 27. Qd3 Ne2+ 28. Qxe2 Rxe2 29. Rxe2 Qf5 30. Re3 b5 31. Rce1 b4 32. Ne4 Rc2 33. Rf3 Qd5 34. Ng3 g6 35. Ne4 Kg7 36. Nf6 Qc6 37. Ne8+ Kf8 38. Nf6 Rc1 39. Nd7+ Kg7 40. Rxf7+ Kxf7 41. Ne5+ Ke6 42. Nxc6+ Rxe1+ 43. Kh2 a5 44. Nxa5 Kd5 45. Nc4 Ra1 46. Ne3+ Kc5 47. Ng4 Rxa2 48. Nxh6 Rxf2 49. Ng4 Rb2 50. Ne5 Rxb3 51. Nxg6 Re3 52. h4 b3 53. h5 b2 0-1

[Event "IRI-ch U16"]
[Site "Chess.com INT"]
[Date "2021.01.16"]
[Round "5"]
[White "Razavi, Seyyed Amirreza"]
[Black "Doroodgar, Amir Hosein"]
[Result "0-1"]
[WhiteElo "1947"]
[BlackElo "1710"]
[PlyCount "66"]
[EventDate "2021.01.16"]
[EventType "swiss"]
[EventRounds "11"]
[EventCountry "IRI"]
[SourceTitle "EXT 2022"]
[Source "ChessBase"]
[SourceDate "2021.10.06"]
[SourceVersion "1"]
[SourceVersionDate "2021.10.06"]
[SourceQuality "1"]

1. Nf3 c5 2. c4 Nc6 3. d4 cxd4 4. Nxd4 Nf6 5. Nc3 g6 6. g3 Bg7 7. Bg2 0-0 8. 0-0 d6 9. Nxc6 bxc6 10. Bxc6 Bh3 11. Bg2 Bxg2 12. Kxg2 Rc8 13. Qd3 Qc7 14. Be3 Qb7+ 15. f3 Qxb2 16. Rfb1 Qa3 17. Nd5 Qxd3 18. Nxe7+ Kh8 19. exd3 Rc7 20. Bf4 Rxe7 21. Bxd6 Re2+ 22. Kf1 Rfe8 23. Re1 Rxe1+ 24. Rxe1 Rd8 25. c5 Nd5 26. Rb1 Ne3+ 27. Ke2 Nf5 28. Rb8 Bf6 29. Rxd8+ Bxd8 30. Be5+ f6 31. Bc3 Kg7 32. d4 Ne7 33. Kd3 Kf7 0-1